Catálogo

Felicidad de México : (Registro nro. 35474)

Detalles MARC
000 -LEADER
fixed length control field 01827cam a2200337 i 4500
001 - CONTROL NUMBER
control field 35474
003 - CONTROL NUMBER IDENTIFIER
control field Mx-PuUPA
005 - DATE AND TIME OF LATEST TRANSACTION
control field 20240125155115.0
008 - FIXED-LENGTH DATA ELEMENTS--GENERAL INFORMATION
fixed length control field 140415s1823 mx a gr 000 0 spa d
040 ## - CATALOGING SOURCE
Transcribing agency Mx-PuUPA
Original cataloging agency Mx-PuUPA
Language of cataloging spa
Modifying agency Mx-PuUPA
Description conventions rda
041 0# - LANGUAGE CODE
Language code of text/sound track or separate title spa
100 1# - MAIN ENTRY--PERSONAL NAME
Personal name Becerra Tanco, Luis,
Dates associated with a name 1602-1672,
9 (RLIN) 1617
Relator term autor
245 10 - TITLE STATEMENT
Title Felicidad de México :
Remainder of title en la admirable aparición de la Virgen María Nuestra Señora de Guadalupe, y el origen de su milagrosa imagen /
Statement of responsibility, etc. su autor, El Br. Luis Becerra Tanto, Presbítero
250 ## - EDITION STATEMENT
Edition statement Reimprímela un devoto amante de esta soberana Reina, en obsequio suyo.
264 #3 - PRODUCTION, PUBLICATION, DISTRIBUTION, MANUFACTURE, AND COPYRIGHT NOTICE
Place of production, publication, distribution, manufacture Impresa en Mexico :
Name of producer, publisher, distributor, manufacturer Imprenta del Supremo Gobierno,
Date of production, publication, distribution, manufacture, or copyright notice 1823
300 ## - PHYSICAL DESCRIPTION
Extent 104 páginas :
Other physical details ilustraciones ;
Dimensions 8º (15 cm.)
336 ## - CONTENT TYPE
Fuente rdacontent
Content type term texto
Content type code txt
337 ## - MEDIA TYPE
Source rdamedia
Media type term sin medio
Media type code n
338 ## - CARRIER TYPE
Source rdacarrier
Carrier type term volumen
Carrier type code nc
500 ## - GENERAL NOTE
General note Notas a pié de página.
500 ## - GENERAL NOTE
General note La ilustración calca representa a la Virgen De Guadalupe, después de la portada.
505 0# - FORMATTED CONTENTS NOTE
Formatted contents note Novena a María Santísima de Guadalupe, especial abogada contra la peste / Manuel Antonio Alonso Martinez -- Devoción a María Santísima Nuestra Señora, mui util y provechosa para sus devotos de las tres Ave Marias / Antonio Linaz de Jesús.<br/> María.
600 0# - SUBJECT ADDED ENTRY--PERSONAL NAME
Personal name Virgen de Guadalupe
General subdivision Apariciones y milagros
650 #7 - SUBJECT ADDED ENTRY--TOPICAL TERM
Source of heading or term armarc
700 12 - ADDED ENTRY--PERSONAL NAME
Personal name Antonio Linaz de Jesús María,
Title of a work Devoción a María Santísima Nuestra Señora, mui util y provechosa para sus devotos de las tres Ave Marias.
700 12 - ADDED ENTRY--PERSONAL NAME
Personal name Alonso Martínez, Manuel Antonio,
Title of a work Novena a María Santísima de Guadalupe, especial abogada contra la peste.
710 2# - ADDED ENTRY--CORPORATE NAME
Corporate name or jurisdiction name as entry element Imprenta del Supremo Gobierno,
Relator term impresor
942 ## - ADDED ENTRY ELEMENTS (KOHA)
Source of classification or shelving scheme Dewey Decimal Classification
Koha item type Libro
Classification part 232.9317
Item part B388
Existencias
Withdrawn status Lost status Source of classification or shelving scheme Damaged status Not for loan Collection code Home library Current library Shelving location Date acquired Total Checkouts Full call number Barcode Date last seen Price effective from Koha item type
    Dewey Decimal Classification   Consulta en sala Fondo Antiguo Centro de Estudios Guadalupanos Centro de Estudios Guadalupanos Sala general 25/01/2024   232.9317 B388 1823 10555 05/01/2026 25/01/2024 Libro